| 000 | 00989nam a22002417a 4500 | ||
|---|---|---|---|
| 005 | 20091026144422.0 | ||
| 008 | 091026t xxu||||| |||| 00| 0 eng d | ||
| 010 | _aENG-95207 | ||
| 020 |
_a9780070153844 _c250.00 |
||
| 020 |
_a0070153841 _c250.00 |
||
| 035 | _aEN-78740 | ||
| 040 | _aDPL | ||
| 082 | _a005.133 | ||
| 100 | _aBalagurusamy, E. | ||
| 245 |
_aComputer concepts and programming in C _cby E. Balagurusamy _bFirst Semester (ECS-201), common to all branches of B.Tech first year first semester MCA (MCA-113) |
||
| 260 |
_aNew Delhi _bTata McGraw Hill Education _c2009 |
||
| 270 |
_a7, West Patel Nagar _bNew Delhi _e110008 |
||
| 300 |
_aVarious pagings _c24 cm.(Pbk) |
||
| 500 | _aIncludes index. | ||
| 650 | _aC (Computer program language) | ||
| 942 |
_2ddc _cEN _mBAL _h005.133 |
||
| 999 |
_c31048 _d31048 |
||